| 000 | 00470nam a22001577a 4500 | ||
|---|---|---|---|
| 003 | macl | ||
| 005 | 20200208132733.0 | ||
| 008 | 200208b xxu||||| |||| 00| 0 eng d | ||
| 040 | _cmacl | ||
| 082 | _a891.433/SUB/N | ||
| 100 |
_aसुबीर पंकज _973531 |
||
| 245 | _aअकाल में उत्सव | ||
| 260 |
_aसीहोर _bशिवना प्रकाशन _c2017 |
||
| 650 |
_aउपन्यास _978080 |
||
| 942 |
_2ddc _cHIN |
||
| 999 |
_c61983 _d61983 |
||